Réseaux de santé : créer du lien pour donner du sens (notice n° 2224937)

détails MARC
000 -LEADER
fixed length control field 00935cam a2200157 4500500
005 - DATE AND TIME OF LATEST TRANSACTION
control field 20260426014426.0
041 ## - LANGUAGE CODE
Language code of text/sound track or separate title fre
042 ## - AUTHENTICATION CODE
Authentication code dc
100 10 - MAIN ENTRY--PERSONAL NAME
Personal name Poutout, Gilles
Relator term author
245 00 - TITLE STATEMENT
Title Réseaux de santé : créer du lien pour donner du sens
260 ## - PUBLICATION, DISTRIBUTION, ETC.
Date of publication, distribution, etc. 2005.<br/>
500 ## - GENERAL NOTE
General note 3
520 ## - SUMMARY, ETC.
Summary, etc. RésuméAprès une description des conditions d’émergence et des principes d’organisation des réseaux de santé, l’article présente un bilan de leur développement depuis quinze ans sur le territoire français. Il analyse ensuite leur dynamique de fonctionnement, pour identifier, à partir de différents cas, quelques « invariants » qui percutent les conceptions traditionnelles de l’organisation du système de santé.
786 0# - DATA SOURCE ENTRY
Note Sociologies pratiques | 11 | 2 | 2005-09-01 | p. 33-54 | 1235-9278
856 41 - ELECTRONIC LOCATION AND ACCESS
Uniform Resource Identifier <a href="https://shs.cairn.info/revue-sociologies-pratiques-2005-2-page-33?lang=fr&redirect-ssocas=7080">https://shs.cairn.info/revue-sociologies-pratiques-2005-2-page-33?lang=fr&redirect-ssocas=7080</a>

Pas d'exemplaire disponible.

PLUDOC

PLUDOC est la plateforme unique et centralisée de gestion des bibliothèques physiques et numériques de Guinée administré par le CEDUST. Elle est la plus grande base de données de ressources documentaires pour les Étudiants, Enseignants chercheurs et Chercheurs de Guinée.

Adresse

627 919 101/664 919 101

25 boulevard du commerce
Kaloum, Conakry, Guinée

Réseaux sociaux

Powered by Netsen Group @ 2025